000 00837nmm a2200289 a 4500
003 AR-BaBNM
005 20251128203552.0
008 257019s1952 ||||||||||||||000 | spa||
040 _cAR-BaBNM
100 1 _aVedia y Mitre, Mariano de
245 1 0 _aHistoria de la unidad nacional
260 _aBuenos Aires
_bEstrada
_c1952
300 0 _a572 p.
_bláms.
500 0 _aContiene apéndice documental p.543-568
600 1 4 _aDerqui, Santiago
_d1809-1867
600 1 4 _aMitre, Bartolomé
_d1821-1906
600 1 4 _aRivadavia, Bernardino
600 1 4 _aUrquiza, Justo José de
_d1801-1870
650 4 _aORGANIZACION NACIONAL
650 4 _aFEDERALISMO ARGENTINO
650 4 _aHISTORIA POLITICA ARGENTINA
650 4 _aPACTO FEDERAL
650 4 _aNACIONALISMO
650 4 _aDOCTRINAS POLITICAS
942 _cBK
998 _cmariana
999 _c3970
_d3970